[Event "IECC CL5-2009.24 email"]
[Site "IECC email"]
[Date "2009.12.02"]
[Round "?"]
[White "Kawagoe, Toshiji"]
[Black "Perry, Matthew Richard"]
[Result "1-0"]
[WhiteElo "1471"]
[BlackElo "1476"]
[PlyCount "49"]
[EventDate "2009.??.??"]
[EventType "tourn (corr)"]
[EventRounds "4"]
[SourceTitle "Telechess CBM 137"]
[Source "ChessBase"]
[SourceDate "2010.07.15"]
[SourceVersion "1"]
[SourceVersionDate "2010.07.15"]
[SourceQuality "1"]
[WhiteTeam "Japan"]
[BlackTeam "England"]
[WhiteTeamCountry "JPN"]
[BlackTeamCountry "ENG"]

1. c4 f5 2. g3 Nf6 3. Bg2 e5 4. d4 e4 5. Nc3 Bb4 6. Bg5 h6 7. Bxf6 Qxf6 8. e3 Nc6 9. Nge2 g5 10. 0-0 Bxc3 11. Nxc3 Nb4 12. Qh5+ Qf7 13. Qxf7+ Kxf7 14. a3 Nd3 15. Rab1 c6 16. f3 d5 17. fxe4 c5 18. Nxd5 b6 19. exf5 Rb8 20. Be4 cxd4 21. Bxd3 dxe3 22. Rfe1 Bb7 23. Rxe3 b5 24. Re7+ Kf8 25. Rbe1 1-0

[Event "IECC CL5-2009.24 email"]
[Site "IECC email"]
[Date "2009.12.02"]
[Round "?"]
[White "Riccobono, Philip Joseph"]
[Black "Perry, Matthew Richard"]
[Result "1-0"]
[WhiteElo "1364"]
[BlackElo "1489"]
[PlyCount "39"]
[EventDate "2009.??.??"]
[EventType "tourn (corr)"]
[EventRounds "4"]
[SourceTitle "Telechess CBM 137"]
[Source "ChessBase"]
[SourceDate "2010.07.15"]
[SourceVersion "1"]
[SourceVersionDate "2010.07.15"]
[SourceQuality "1"]
[BlackTeam "England"]
[BlackTeamCountry "ENG"]

1. d4 f5 2. g3 Nf6 3. Bg2 e6 4. c4 Bb4+ 5. Nc3 0-0 6. Nf3 Ne4 7. Qc2 Nc6 8. 0-0 Bxc3 9. bxc3 d6 10. Nd2 Nxd2 11. Bxd2 e5 12. e4 exd4 13. exf5 dxc3 14. Bxc3 Qg5 15. Qb2 Bxf5 16. Qxb7 Ne5 17. Qxc7 Rad8 18. Qxa7 Bg4 19. f4 Qh6 20. fxe5 1-0

[Event "IECC CL5-2009.22 email"]
[Site "IECC email"]
[Date "2009.10.19"]
[Round "?"]
[White "Perry, Matthew Richard"]
[Black "Kovacs, Mihaly"]
[Result "1/2-1/2"]
[WhiteElo "1447"]
[BlackElo "1509"]
[PlyCount "60"]
[EventDate "2009.??.??"]
[EventType "tourn (corr)"]
[EventRounds "4"]
[SourceTitle "Telechess CBM 137"]
[Source "ChessBase"]
[SourceDate "2010.07.15"]
[SourceVersion "1"]
[SourceVersionDate "2010.07.15"]
[SourceQuality "1"]
[WhiteTeam "England"]
[BlackTeam "Hungary"]
[WhiteTeamCountry "ENG"]
[BlackTeamCountry "HUN"]

1. Nf3 d5 2. g3 e6 3. c4 Nf6 4. Bg2 Be7 5. 0-0 0-0 6. b3 c5 7. Bb2 d4 8. e3 Nc6 9. exd4 cxd4 10. d3 e5 11. Re1 Bd6 12. a3 Bf5 13. Nh4 Bg4 14. Qc1 Qd7 15. Nd2 Bh3 16. Ne4 Nxe4 17. Rxe4 Bxg2 18. Kxg2 f5 19. Re2 f4 20. Nf3 fxg3 21. fxg3 Rf7 22. Qc2 Raf8 23. Rf2 Ne7 24. Raf1 Ng6 25. Ng5 Rxf2+ 26. Rxf2 Qg4 27. Rxf8+ Bxf8 28. Bc1 Be7 29. Ne4 Qf5 30. Qf2 Qxf2+ 1/2-1/2

[Event "IECC CL5-2009.17 email"]
[Site "IECC email"]
[Date "2009.08.15"]
[Round "?"]
[White "Duteau, Jean Henri"]
[Black "Perry, Matthew Richard"]
[Result "1-0"]
[WhiteElo "1828"]
[BlackElo "1471"]
[PlyCount "53"]
[EventDate "2009.??.??"]
[EventType "tourn (corr)"]
[EventRounds "4"]
[SourceTitle "Telechess CBM 137"]
[Source "ChessBase"]
[SourceDate "2010.07.15"]
[SourceVersion "1"]
[SourceVersionDate "2010.07.15"]
[SourceQuality "1"]
[WhiteTeam "Canada"]
[BlackTeam "England"]
[WhiteTeamCountry "CAN"]
[BlackTeamCountry "ENG"]

1. Nf3 f5 2. e4 fxe4 3. Ng5 Nf6 4. d3 e5 5. dxe4 Bc5 6. Bc4 Rf8 7. 0-0 h6 8. Nh7 Rh8 9. Nxf6+ Qxf6 10. Qd3 d6 11. Nc3 c6 12. Be3 Nd7 13. Rad1 Ke7 14. a3 a5 15. Qd2 b5 16. Bxb5 Bb7 17. Bc4 Rhd8 18. Bxc5 Nxc5 19. f4 Qg6 20. fxe5 dxe5 21. Qe3 Ne6 22. Qb6 Rab8 23. Qxa5 Rxd1 24. Rxd1 Qg5 25. Bxe6 Kxe6 26. Qc7 Qe3+ 27. Kh1 1-0

[Event "IECC CL5-2009.17 email"]
[Site "IECC email"]
[Date "2009.08.15"]
[Round "?"]
[White "Perry, Matthew Richard"]
[Black "Maneiro, Javier Gonzales"]
[Result "0-1"]
[WhiteElo "1445"]
[BlackElo "1532"]
[PlyCount "80"]
[EventDate "2009.??.??"]
[EventType "tourn (corr)"]
[EventRounds "4"]
[SourceTitle "Telechess CBM 137"]
[Source "ChessBase"]
[SourceDate "2010.07.15"]
[SourceVersion "1"]
[SourceVersionDate "2010.07.15"]
[SourceQuality "1"]
[WhiteTeam "England"]
[BlackTeam "Spain"]
[WhiteTeamCountry "ENG"]
[BlackTeamCountry "ESP"]

1. f4 d5 2. Nf3 Nf6 3. e3 g6 4. Nc3 Bg7 5. Be2 0-0 6. 0-0 c5 7. d3 d4 8. exd4 cxd4 9. Ne4 Qb6 10. Nxf6+ exf6 11. Qe1 Nc6 12. a3 Re8 13. Qf2 Bd7 14. Rb1 f5 15. b4 Nd8 16. Nd2 Rc8 17. Nc4 Qc7 18. b5 Be6 19. Bd2 Bxc4 20. dxc4 Ne6 21. Bd3 Nc5 22. Rbe1 Ne4 23. Qe2 Re6 24. Qd1 Rce8 25. Bb4 a6 26. Re2 a5 27. Bd2 b6 28. Rfe1 Bh6 29. g3 Bf8 30. a4 Nxd2 31. Rxe6 fxe6 32. Qxd2 Bb4 33. Qf2 Bxe1 34. Qxe1 e5 35. fxe5 Qxe5 36. Qxe5 Rxe5 37. Kf2 Kf7 38. h3 Ke7 39. Kf1 Kd6 40. Kf2 Kc5 0-1

[Event "IECC CL5-2008.07 email"]
[Site "IECC email"]
[Date "2008.05.17"]
[Round "?"]
[White "Perry, Matthew Richard"]
[Black "Cumiskey, Rob"]
[Result "0-1"]
[WhiteElo "1459"]
[BlackElo "1504"]
[PlyCount "42"]
[EventDate "2008.??.??"]
[EventType "tourn (corr)"]
[EventRounds "4"]
[SourceTitle "Corr 2013"]
[Source "ChessBase"]
[SourceDate "2012.11.12"]
[SourceVersion "1"]
[SourceVersionDate "2012.11.12"]
[SourceQuality "1"]
[WhiteTeam "Ireland"]
[BlackTeam "Italy"]
[WhiteTeamCountry "IRL"]
[BlackTeamCountry "ITA"]

1. e4 e5 2. Nf3 Nf6 3. Nc3 Bb4 4. Bc4 d6 5. d3 c6 6. 0-0 0-0 7. Bg5 h6 8. Bh4 g5 9. Bg3 b5 10. Bb3 Nbd7 11. Ne2 Nc5 12. c3 Nxb3 13. axb3 Ba5 14. Qd2 Bb6 15. Nxg5 hxg5 16. Qxg5+ Kh8 17. Bh4 Nh7 18. Qh6 f6 19. Kh1 Rg8 20. Ng3 Qf8 21. Qh5 Bg4 0-1

[Event "IECC CL5-2008.03 email"]
[Site "IECC email"]
[Date "2008.03.09"]
[Round "?"]
[White "Perry, Matthew Richard"]
[Black "Williams, J Noel"]
[Result "0-1"]
[WhiteElo "1494"]
[BlackElo "1446"]
[PlyCount "86"]
[EventDate "2008.??.??"]
[EventType "tourn (corr)"]
[EventRounds "4"]
[SourceTitle "Corr 2013"]
[Source "ChessBase"]
[SourceDate "2012.11.12"]
[SourceVersion "1"]
[SourceVersionDate "2012.11.12"]
[SourceQuality "1"]
[WhiteTeam "Ireland"]
[BlackTeam "Italy"]
[WhiteTeamCountry "IRL"]
[BlackTeamCountry "ITA"]

1. Nf3 Nf6 2. g3 b6 3. Bg2 Bb7 4. c4 e6 5. b3 Be7 6. Bb2 0-0 7. Nc3 d5 8. cxd5 Nxd5 9. Nxd5 Bxd5 10. 0-0 Nd7 11. Rc1 c5 12. d3 Bf6 13. Qc2 Rc8 14. e4 Bxb2 15. Qxb2 Bb7 16. Nd2 e5 17. Nc4 Qe7 18. f4 f6 19. Rf2 exf4 20. Rxf4 Ne5 21. Qe2 Rcd8 22. Nxe5 Qxe5 23. Kh1 Rd4 24. Rd1 Ba6 25. Bf1 Rfd8 26. Rf3 Bb7 27. Re1 f5 28. Bg2 fxe4 29. Rf4 Rxd3 30. Bxe4 Rd2 31. Qf3 Rxa2 32. Rf1 Bxe4 33. Rxe4 Qc7 34. Rf4 Qc8 35. Rf7 Qa8 36. Rb7 Rf8 37. Qd5+ Kh8 38. Rff7 Qe8 39. Rxf8+ Qxf8 40. Rf7 Qe8 41. Rf1 b5 42. Qf3 h6 43. Kg1 Re2 0-1

[Event "IECC CL5-2007.18 email"]
[Site "IECC email"]
[Date "2007.12.03"]
[Round "?"]
[White "Perry, Matthew Richard"]
[Black "Oppedal, Jim"]
[Result "1/2-1/2"]
[WhiteElo "1472"]
[BlackElo "1591"]
[PlyCount "90"]
[EventDate "2007.??.??"]
[EventType "tourn (corr)"]
[EventRounds "4"]
[SourceTitle "Corr 2015"]
[Source "ChessBase"]
[SourceDate "2015.07.17"]
[SourceVersion "1"]
[SourceVersionDate "2015.07.17"]
[SourceQuality "1"]
[WhiteTeam "England"]
[BlackTeam "US of America"]
[WhiteTeamCountry "ENG"]
[BlackTeamCountry "USA"]

1. e4 c5 2. Nc3 Nc6 3. f4 g6 4. Nf3 Bg7 5. Bb5 Nd4 6. 0-0 e6 7. d3 Ne7 8. Bc4 0-0 9. Ne2 d5 10. exd5 Nxf3+ 11. Rxf3 exd5 12. Bb3 a5 13. c3 Bg4 14. Rf1 a4 15. Bc2 b5 16. h3 Bxe2 17. Qxe2 Nf5 18. Qf3 a3 19. d4 cxd4 20. Bxf5 gxf5 21. cxd4 Bxd4+ 22. Be3 Qb6 23. Bxd4 Qxd4+ 24. Rf2 axb2 25. Rd1 Qc5 26. Qb3 Ra4 27. Qxb2 Rxf4 28. Rd3 f6 29. Qd2 Qxf2+ 30. Qxf2 Rxf2 31. Kxf2 Ra8 32. a3 d4 33. Rf3 Kf7 34. Rxf5 Rxa3 35. Rxb5 d3 36. Ke3 Ra2 37. g4 Rh2 38. Kxd3 Rxh3+ 39. Ke4 h6 40. Kf4 Rh1 41. Ra5 Rf1+ 42. Ke4 Kg6 43. Rb5 Ra1 44. Kf4 Re1 45. Rh5 Rf1+ 1/2-1/2

[Event "IECC CL5-2007.15 email"]
[Site "IECC email"]
[Date "2007.10.23"]
[Round "?"]
[White "Jewell, Barry"]
[Black "Perry, Matthew Richard"]
[Result "1-0"]
[WhiteElo "1525"]
[BlackElo "1480"]
[PlyCount "99"]
[EventDate "2007.??.??"]
[EventType "tourn (corr)"]
[EventRounds "4"]
[SourceTitle "Corr 2011"]
[Source "ChessBase"]
[SourceDate "2010.08.31"]
[SourceVersion "1"]
[SourceVersionDate "2010.08.31"]
[SourceQuality "1"]
[WhiteTeam "Italy"]
[BlackTeam "Chile"]
[WhiteTeamCountry "ITA"]
[BlackTeamCountry "CHI"]

1. f4 Nf6 2. e3 d6 3. Nf3 Nc6 4. Nc3 Bd7 5. b3 e5 6. fxe5 dxe5 7. Bc4 Bd6 8. Nb5 e4 9. Nxd6+ cxd6 10. Ng5 d5 11. Be2 h6 12. Nh3 Bxh3 13. gxh3 Nd7 14. 0-0 Qg5+ 15. Kh1 Nce5 16. Bb2 0-0-0 17. c4 Nd3 18. Bxd3 exd3 19. Qf3 Nb6 20. cxd5 Rd7 21. Rac1+ Kb8 22. Rg1 Qxd5 23. Qxd5 Nxd5 24. Bxg7 Re8 25. Bxh6 b6 26. Rc4 Nf6 27. Bf4+ Kb7 28. Rgc1 Ree7 29. Bg5 Re6 30. Bxf6 Rxf6 31. Rf4 Rh6 32. Rcf1 Rh7 33. a4 Kc8 34. Rc4+ Kd8 35. Rff4 Rxh3 36. Rcd4 Rxd4 37. Rxd4+ Ke7 38. Rxd3 Ke6 39. Rd4 f5 40. Kg2 Rh7 41. h4 Kf6 42. Kf3 Ke5 43. Rf4 Rc7 44. h5 Rc1 45. Rh4 Rg1 46. h6 Rg8 47. h7 Rh8 48. d4+ Kf6 49. Kf4 Ke6 50. Rh6+ 1-0

[Event "IECC Swiss-529.1"]
[Site "IECC email"]
[Date "2007.09.09"]
[Round "?"]
[White "Wenger, Joseph"]
[Black "Perry, Matthew Richard"]
[Result "1-0"]
[WhiteElo "1799"]
[BlackElo "1521"]
[PlyCount "47"]
[EventDate "2007.??.??"]
[EventType "swiss (corr)"]
[EventRounds "1"]
[SourceTitle "Corr 2011"]
[Source "ChessBase"]
[SourceDate "2010.08.31"]
[SourceVersion "1"]
[SourceVersionDate "2010.08.31"]
[SourceQuality "1"]
[WhiteTeam "Italy"]
[BlackTeam "Argentina"]
[WhiteTeamCountry "ITA"]
[BlackTeamCountry "ARG"]

1. e4 d6 2. d4 Nf6 3. Nc3 e5 4. Nf3 exd4 5. Qxd4 Nc6 6. Bb5 Bd7 7. Bxc6 Bxc6 8. Bg5 Be7 9. 0-0-0 0-0 10. Rhe1 a5 11. e5 dxe5 12. Nxe5 Qxd4 13. Rxd4 Rfe8 14. Nxc6 bxc6 15. Rc4 Nd5 16. Bxe7 Nxe7 17. Rc5 f6 18. Rd1 Ra7 19. Rd7 Kf8 20. Na4 Rb8 21. Rc3 Rab7 22. b3 Ke8 23. Nc5 Ra7 24. Re3 1-0

[Event "IECC CL5-2007.13 email"]
[Site "IECC email"]
[Date "2007.08.24"]
[Round "?"]
[White "Perry, Matthew Richard"]
[Black "Boyd, John Michael"]
[Result "1/2-1/2"]
[WhiteElo "1504"]
[BlackElo "1610"]
[PlyCount "89"]
[EventDate "2007.??.??"]
[EventType "tourn (corr)"]
[EventRounds "4"]
[SourceTitle "Corr 2011"]
[Source "ChessBase"]
[SourceDate "2010.08.31"]
[SourceVersion "1"]
[SourceVersionDate "2010.08.31"]
[SourceQuality "1"]
[WhiteTeam "Italy"]
[BlackTeam "Chile"]
[WhiteTeamCountry "ITA"]
[BlackTeamCountry "CHI"]

1. Nf3 d5 2. g3 Bg4 3. Bg2 c6 4. c4 Nf6 5. Qb3 Qb6 6. Qxb6 axb6 7. b3 e6 8. Bb2 Be7 9. e3 Nbd7 10. Nc3 0-0 11. 0-0 Ba3 12. Bxa3 Rxa3 13. cxd5 exd5 14. Rfe1 Bf5 15. Nd4 Bd3 16. e4 dxe4 17. Nxe4 Raa8 18. Nd6 Rab8 19. Rac1 Ne8 20. Ne4 Bxe4 21. Bxe4 Nef6 22. Bf5 Rfe8 23. f4 Kf8 24. Kf1 g6 25. Bxd7 Nxd7 26. Nf3 Nc5 27. Rxe8+ Rxe8 28. Ne5 f6 29. Ng4 Kf7 30. Ne3 Rd8 31. Ke2 Ne4 32. Rc2 b5 33. d3 Nd6 34. Rd2 Nc8 35. g4 Ne7 36. d4 Nd5 37. Nxd5 Rxd5 38. Ke3 Ke6 39. Re2 f5 40. g5 Kd6 41. b4 Kd7 42. Kd3 Rd6 43. Re5 Re6 44. Kc3 Rd6 45. Kd3 1/2-1/2